[Event "URU-ch sf"]
[Site "Montevideo"]
[Date "2024.02.12"]
[Round "5"]
[White "Curi, Gabriel"]
[Black "Manteiga, Franco"]
[Result "1-0"]
[WhiteElo "2093"]
[BlackElo "1957"]
[PlyCount "81"]
[EventDate "2024.02.09"]
[EventType "swiss"]
[EventRounds "7"]
[EventCountry "URU"]
[SourceTitle "CB08_2024"]
[SourceDate "2024.02.21"]
[SourceVersion "1"]
[SourceVersionDate "2024.02.21"]
[SourceQuality "1"]

1. d4 Nf6 2. c4 e6 3. Nc3 d5 4. cxd5 exd5 5. Bg5 c6 6. Qc2 Be7 7. e3 Nbd7 8. Bd3 Nh5 9. Bxe7 Qxe7 10. 0-0-0 Nb6 11. Kb1 g6 12. Nge2 Be6 13. Nc1 Nf6 14. f3 0-0 15. Qf2 Nfd7 16. h4 c5 17. N1e2 Rac8 18. Rc1 cxd4 19. exd4 Qf6 20. b3 Bf5 21. Bxf5 Qxf5+ 22. Kb2 a6 23. h5 Qf6 24. hxg6 hxg6 25. Rh4 Kg7 26. Nf4 Qf5 27. Rch1 Rh8 28. Rxh8 Rxh8 29. Rxh8 Kxh8 30. Qe3 Nf6 31. g4 Qg5 32. Nfxd5 Qxe3 33. Nxe3 Kg7 34. Kc2 Nfd7 35. Kd3 f6 36. a4 Kf7 37. f4 Nc8 38. Ne4 Ke7 39. f5 gxf5 40. gxf5 Nd6 41. Nd5+ 1-0

[Event "URU-ch sf"]
[Site "Montevideo"]
[Date "2024.02.09"]
[Round "1"]
[White "Nakle, Gonzalo"]
[Black "Manteiga, Franco"]
[Result "0-1"]
[WhiteElo "1557"]
[BlackElo "1957"]
[PlyCount "70"]
[EventDate "2024.02.09"]
[EventType "swiss"]
[EventRounds "7"]
[EventCountry "URU"]
[SourceTitle "CB08_2024"]
[SourceDate "2024.02.21"]
[SourceVersion "1"]
[SourceVersionDate "2024.02.21"]
[SourceQuality "1"]

1. d4 Nf6 2. c4 e6 3. Nc3 d5 4. Bg5 Be7 5. cxd5 exd5 6. e3 c6 7. Bd3 Nbd7 8. Nge2 Nf8 9. Rb1 Ne6 10. Bh4 0-0 11. b4 b6 12. 0-0 Bb7 13. Bf5 g6 14. Bxe6 fxe6 15. Nf4 Qd7 16. Nd3 Bd6 17. Bg3 Ba6 18. Bxd6 Qxd6 19. b5 Bxb5 20. Nxb5 cxb5 21. Rxb5 Ne4 22. Rb3 Rac8 23. Ne5 Nf6 24. Qd3 Kg7 25. Qa6 Rc7 26. f3 Rfc8 27. Qb5 Nd7 28. Nd3 Rc2 29. Nb4 Rd2 30. Qa6 Rc7 31. Rfb1 e5 32. Rd3 Qxb4 33. Rdb3 Qc4 34. Qa3 Nc5 35. dxc5 Qe2 0-1

[Event "Montevideo Duchamp Cup 7th"]
[Site "Montevideo"]
[Date "2024.02.03"]
[Round "3"]
[White "Manteiga, Franco"]
[Black "Volpe, Agustin"]
[Result "1/2-1/2"]
[WhiteElo "1957"]
[BlackElo "1729"]
[PlyCount "124"]
[EventDate "2024.02.01"]
[EventType "swiss"]
[EventRounds "9"]
[EventCountry "URU"]
[SourceTitle "CB07_2024"]
[SourceDate "2024.02.14"]
[SourceVersion "1"]
[SourceVersionDate "2024.02.14"]
[SourceQuality "1"]

1. d4 d5 2. c4 e6 3. Nc3 a6 4. cxd5 exd5 5. Bf4 Nf6 6. e3 Bd6 7. Bxd6 Qxd6 8. Bd3 0-0 9. Qc2 Re8 10. Nf3 Nc6 11. a3 Bg4 12. 0-0 Bxf3 13. gxf3 Ne7 14. Rac1 c5 15. dxc5 Qxc5 16. Ne2 Qb6 17. Nd4 Rac8 18. Qb3 Qxb3 19. Nxb3 Nd7 20. f4 b5 21. Nd4 g6 22. Rcd1 Nb6 23. Nf3 Nc4 24. Bxc4 dxc4 25. Rd7 c3 26. bxc3 Rxc3 27. Rb7 Rxa3 28. Rd1 Nf5 29. Rdd7 Nh6 30. Ne5 Rf8 31. Rdc7 Ra2 32. Kg2 Kg7 33. Kf3 Ra4 34. Ra7 a5 35. Rcb7 b4 36. h3 Kg8 37. Nc4 Rc8 38. Rxa5 Rxa5 39. Nxa5 Rc5 40. Nb3 Rc4 41. Na5 Rc5 42. Nb3 Rc4 43. Na5 Rc5 44. Nb3 Rc4 45. Nd4 Kf8 46. Ke4 Rc1 47. Rxb4 Rh1 48. Kf3 Rxh3+ 49. Kg2 Rh5 50. Kf3 Rc5 51. Rb7 Nf5 52. Nxf5 Rxf5 53. e4 Ra5 54. e5 Ra6 55. Kg4 h5+ 56. Kg3 Rc6 57. Ra7 Rc3+ 58. f3 Rc4 59. Rb7 Ra4 60. Rc7 Rd4 61. Ra7 Ke8 62. Rb7 Rc4 1/2-1/2

[Event "Montevideo Duchamp Cup 7th"]
[Site "Montevideo"]
[Date "2024.02.02"]
[Round "2"]
[White "Salinas Herrera, Pablo Patricio"]
[Black "Manteiga, Franco"]
[Result "1-0"]
[WhiteElo "2483"]
[BlackElo "1957"]
[PlyCount "57"]
[EventDate "2024.02.01"]
[EventType "swiss"]
[EventRounds "9"]
[EventCountry "URU"]
[SourceTitle "CB07_2024"]
[SourceDate "2024.02.14"]
[SourceVersion "1"]
[SourceVersionDate "2024.02.14"]
[SourceQuality "1"]

1. e4 c5 2. Nf3 Nc6 3. Bb5 Nf6 4. Bxc6 dxc6 5. d3 Qc7 6. a4 e5 7. Na3 Be6 8. b3 Be7 9. Nc4 Nd7 10. Ng5 Bxg5 11. Bxg5 0-0 12. 0-0 f6 13. Be3 b5 14. Nd2 Rfd8 15. Qe2 a5 16. f3 Qd6 17. Rfd1 Bf7 18. Qf2 g6 19. Kh1 Kg7 20. f4 exf4 21. Bxf4 Ne5 22. Rf1 Bg8 23. Qg3 g5 24. Nf3 h6 25. Nxe5 Kh7 26. Ng4 gxf4 27. Rxf4 Rf8 28. Nxh6 Qe5 29. Raf1 1-0

[Event "URU-chT"]
[Site "Montevideo"]
[Date "2023.07.23"]
[Round "5.1"]
[White "Manteiga, Franco"]
[Black "Dominguez, Facundo"]
[Result "1/2-1/2"]
[WhiteElo "1884"]
[BlackElo "2072"]
[PlyCount "60"]
[EventDate "2023.07.21"]
[EventType "team-tourn"]
[EventRounds "5"]
[EventCountry "URU"]
[SourceTitle "CBM 215 Extra"]
[Source "ChessBase"]
[SourceDate "2023.09.30"]
[SourceVersion "1"]
[SourceVersionDate "2023.09.30"]
[SourceQuality "1"]
[WhiteTeam "La Proa Pejotas"]
[BlackTeam "Trebejos"]
[WhiteTeamCountry "URU"]
[BlackTeamCountry "URU"]

1. d4 Nf6 2. c4 e6 3. Nc3 Bb4 4. e3 c5 5. Nge2 b6 6. a3 Ba5 7. Rb1 Na6 8. Bd2 Bb7 9. Nf4 0-0 10. Bd3 Bxc3 11. Bxc3 cxd4 12. exd4 d5 13. cxd5 Nxd5 14. Nxd5 Qxd5 15. f3 Qg5 16. Qd2 Qh5 17. Qf4 Rac8 18. Be4 Bxe4 19. fxe4 e5 20. dxe5 Rc4 21. 0-0 Nc5 22. Qf5 Qg6 23. Rbe1 Rxe4 24. Qxg6 hxg6 25. Rd1 Rc8 26. Rd6 Rc7 27. Rd8+ Kh7 28. Rf8 Na4 29. R8xf7 Rxf7 30. Rxf7 Nxc3 1/2-1/2

[Event "URU-chT"]
[Site "Montevideo"]
[Date "2023.07.22"]
[Round "2.1"]
[White "Carbone, Diego"]
[Black "Manteiga, Franco"]
[Result "1-0"]
[WhiteElo "2313"]
[BlackElo "1884"]
[PlyCount "107"]
[EventDate "2023.07.21"]
[EventType "team-tourn"]
[EventRounds "5"]
[EventCountry "URU"]
[SourceTitle "CBM 215 Extra"]
[Source "ChessBase"]
[SourceDate "2023.09.30"]
[SourceVersion "1"]
[SourceVersionDate "2023.09.30"]
[SourceQuality "1"]
[WhiteTeam "Banco Republica"]
[BlackTeam "La Proa Pejotas"]
[WhiteTeamCountry "URU"]
[BlackTeamCountry "URU"]

1. d4 Nf6 2. c4 e6 3. Nf3 d5 4. g3 dxc4 5. Bg2 Bb4+ 6. Bd2 c5 7. Bxb4 cxb4 8. Ne5 0-0 9. a3 Nc6 10. Bxc6 bxc6 11. axb4 Bb7 12. 0-0 a5 13. bxa5 Rxa5 14. Rxa5 Qxa5 15. Qd2 Qa7 16. Nxc4 Rd8 17. Rd1 c5 18. Qa5 Qxa5 19. Nxa5 Ba8 20. Nb3 cxd4 21. Rxd4 Rb8 22. Nc5 h5 23. Nc3 Kh7 24. Nd3 g6 25. f3 Kg7 26. Kf2 e5 27. Ra4 Nd7 28. Ra7 Rd8 29. b4 Kf8 30. b5 Ke8 31. Ke3 f5 32. Na4 Bd5 33. Rc7 g5 34. Nc3 Be6 35. Nc5 f4+ 36. Ke4 fxg3 37. hxg3 Nxc5+ 38. Rxc5 Kf7 39. Rxe5 Kf6 40. f4 gxf4 41. Kxf4 Bg4 42. Nd5+ Kg6 43. Ne7+ Kg7 44. Nc6 Rd6 45. Ke3 Kf6 46. Re4 Bd7 47. Rc4 Be6 48. Rc5 Bg4 49. Nd4 Ke7 50. Rc6 Rd5 51. b6 Rd7 52. Rh6 Kd8 53. Rh8+ Ke7 54. b7 1-0

[Event "URU-ch sf2"]
[Site "Colonia del Sacramento"]
[Date "2023.02.20"]
[Round "6"]
[White "Manteiga, Franco"]
[Black "Rodriguez Farias, Victor Hugo"]
[Result "1/2-1/2"]
[WhiteElo "1825"]
[BlackElo "1838"]
[PlyCount "112"]
[EventDate "2023.02.17"]
[EventType "swiss"]
[EventRounds "7"]
[EventCountry "URU"]
[SourceTitle "CBM 213 Extra"]
[Source "ChessBase"]
[SourceDate "2023.05.31"]
[SourceVersion "1"]
[SourceVersionDate "2023.05.31"]
[SourceQuality "1"]

1. d4 d5 2. c4 e6 3. Nc3 a6 4. cxd5 exd5 5. Nf3 Nf6 6. Bg5 Be6 7. e3 Nbd7 8. Bd3 h6 9. Bf4 g5 10. Bg3 Nh5 11. Ne5 Nxg3 12. hxg3 Nxe5 13. dxe5 g4 14. Rh5 Qd7 15. Qc2 Bg7 16. Na4 b6 17. Rc1 0-0 18. b3 d4 19. exd4 Qxd4 20. Qd2 Rfd8 21. Rd1 f5 22. Qf4 Qd5 23. Kf1 Qxe5 24. Qxe5 Bxe5 25. Rxh6 Kf7 26. Ke2 Bg7 27. Rhh1 Bd4 28. Rc1 Rd7 29. Rh7+ Bg7 30. Bc4 Re8 31. Bxe6+ Rxe6+ 32. Kf1 Kg6 33. Rh1 Rde7 34. Kg1 Re1+ 35. Kh2 R1e2 36. Nc3 Rxf2 37. Nd5 Ree2 38. Nf4+ Kg5 39. Nxe2 Rxe2 40. Rhe1 Rxa2 41. Rxc7 Bd4 42. Rc6 f4 43. Rd6 fxg3+ 44. Kh1 Bf2 45. Red1 Re2 46. R1d2 Re4 47. b4 Rxb4 48. R2d5+ Kf4 49. Rf5+ Kxf5 50. Rd5+ Ke4 51. Re5+ Kd3 52. Re3+ Kd2 53. Re2+ Kd1 54. Rd2+ Ke1 55. Re2+ Kf1 56. Re1+ Bxe1 1/2-1/2

[Event "Montevideo Duchamp Cup 6th"]
[Site "Montevideo"]
[Date "2023.02.10"]
[Round "8"]
[White "Manteiga, Franco"]
[Black "Contin, Daniel"]
[Result "0-1"]
[WhiteElo "1825"]
[BlackElo "2233"]
[PlyCount "126"]
[EventDate "2023.02.03"]
[EventType "swiss"]
[EventRounds "9"]
[EventCountry "URU"]
[SourceTitle "CBM 212 Extra"]
[Source "ChessBase"]
[SourceDate "2023.03.31"]
[SourceVersion "1"]
[SourceVersionDate "2023.03.31"]
[SourceQuality "1"]

1. d4 Nf6 2. c4 e6 3. Nc3 Bb4 4. e3 c5 5. Nge2 d6 6. a3 Ba5 7. dxc5 dxc5 8. Qxd8+ Kxd8 9. Bd2 Nc6 10. Ng3 Ke7 11. Nce4 Bxd2+ 12. Kxd2 b6 13. Be2 Nd7 14. Rad1 f5 15. Nc3 Ba6 16. b3 g5 17. Kc2 Nde5 18. Rd2 Rad8 19. Rhd1 Rxd2+ 20. Rxd2 Bb7 21. h3 Nd8 22. Bf1 Ndf7 23. Nge2 Ng6 24. Nc1 Nd6 25. f3 h5 26. Nd3 f4 27. exf4 Nf5 28. Nd1 gxf4 29. Kc3 e5 30. N3f2 Ne3 31. Bd3 Nh4 32. Be4 Bxe4 33. Nxe4 Nhxg2 34. Nxe3 Nxe3 35. Rd6 h4 36. Rc6 Rg8 37. Rc7+ Ke6 38. Rc6+ Kd7 39. Rh6 Rg2 40. Rxh4 Nd1+ 41. Kd3 Nf2+ 42. Nxf2 Rxf2 43. Ke4 Re2+ 44. Kd5 Ke7 45. b4 Kf6 46. bxc5 bxc5 47. Kxc5 Re3 48. Kd5 Rd3+ 49. Kc6 Rxf3 50. Kd5 Rd3+ 51. Ke4 Re3+ 52. Kd5 Rd3+ 53. Ke4 Rd4+ 54. Kf3 Rxc4 55. Rh6+ Kf5 56. Rh5+ Ke6 57. Rh6+ Kd5 58. Ra6 Rc3+ 59. Kg2 Ke4 60. h4 Rc2+ 61. Kh3 Kf3 62. h5 e4 63. h6 Rc7 0-1

[Event "Montevideo Duchamp Cup 6th"]
[Site "Montevideo"]
[Date "2023.02.09"]
[Round "7"]
[White "Torella, Rodolfo"]
[Black "Manteiga, Franco"]
[Result "0-1"]
[WhiteElo "2019"]
[BlackElo "1825"]
[PlyCount "68"]
[EventDate "2023.02.03"]
[EventType "swiss"]
[EventRounds "9"]
[EventCountry "URU"]
[SourceTitle "CBM 212 Extra"]
[Source "ChessBase"]
[SourceDate "2023.03.31"]
[SourceVersion "1"]
[SourceVersionDate "2023.03.31"]
[SourceQuality "1"]

1. e4 c5 2. Nf3 Nc6 3. d3 d6 4. g3 e5 5. Bg2 g6 6. 0-0 Bg7 7. c3 Nge7 8. a3 0-0 9. b4 h6 10. Be3 b6 11. b5 Na5 12. c4 Bg4 13. h3 Be6 14. Nc3 Qd7 15. Kh2 Rac8 16. Nd5 Bxd5 17. cxd5 Qxb5 18. Rb1 Qa6 19. Qd2 Kh7 20. a4 c4 21. Qb4 Rfd8 22. d4 exd4 23. Nxd4 c3 24. Nb5 Rc4 25. Qa3 Nb7 26. Rb4 Rdc8 27. Nxd6 Nxd6 28. Rxc4 Nxc4 29. Qxe7 Nxe3 30. fxe3 Qxf1 31. Bxf1 c2 32. d6 c1Q 33. d7 Rc2+ 34. Bg2 Qd2 0-1

[Event "Montevideo Duchamp Cup 6th"]
[Site "Montevideo"]
[Date "2023.02.08"]
[Round "6"]
[White "Manteiga, Franco"]
[Black "Guerrero, Alvaro"]
[Result "1/2-1/2"]
[WhiteElo "1825"]
[BlackElo "2057"]
[PlyCount "210"]
[EventDate "2023.02.03"]
[EventType "swiss"]
[EventRounds "9"]
[EventCountry "URU"]
[SourceTitle "CBM 212 Extra"]
[Source "ChessBase"]
[SourceDate "2023.03.31"]
[SourceVersion "1"]
[SourceVersionDate "2023.03.31"]
[SourceQuality "1"]

1. d4 g6 2. c4 d6 3. Nf3 Bg7 4. Nc3 Nd7 5. e4 e5 6. Be2 c6 7. 0-0 Nh6 8. Re1 f6 9. Rb1 Nf7 10. b4 0-0 11. a4 b6 12. Ba3 Re8 13. Qc2 Bf8 14. Rbd1 Qc7 15. Bf1 Bb7 16. Qb3 Kg7 17. b5 c5 18. dxe5 dxe5 19. Nd5 Bxd5 20. Rxd5 Rad8 21. Red1 Bd6 22. g3 Nf8 23. Bh3 Qe7 24. Bb2 Ne6 25. Bxe6 Qxe6 26. Qc2 Kf8 27. Kg2 Ke7 28. Bc1 Rg8 29. Nh4 Kd7 30. a5 Kc7 31. Qa2 Ra8 32. Qd2 Rgd8 33. Qe2 Re8 34. Nf3 Re7 35. R1d3 Ree8 36. Ra3 Qc8 37. Rd2 Qb7 38. Qd3 f5 39. Re2 Rad8 40. Qd5 Qxd5 41. exd5 Kb7 42. Ng5 Nxg5 43. Bxg5 Ra8 44. Rea2 a6 45. bxa6+ Rxa6 46. Rb3 Rb8 47. Rab2 Ka7 48. axb6+ Rbxb6 49. Bd8 Rxb3 50. Rxb3 Ra4 51. Rb6 Bb8 52. Rb5 Rxc4 53. Be7 Rc2 54. Bxc5+ Ka8 55. d6 Rd2 56. Rb6 e4 57. Kf1 Rd5 58. Rc6 Kb7 59. Rb6+ Kc8 60. Bb4 Rd3 61. Ke2 Rd4 62. Bc5 Rd3 63. f3 Rd5 64. Bb4 e3 65. Rc6+ Kd7 66. Rb6 Bxd6 67. Bxd6 Rxd6 68. Rb7+ Kc6 69. Rxh7 Re6 70. f4 Kd6 71. Ra7 Kd5 72. Ra3 Rb6 73. Kxe3 Ke6 74. Ra2 Rd6 75. Re2 Kf6 76. Kf3 Rd3+ 77. Re3 Rd2 78. Re2 Rd3+ 79. Kg2 Ra3 80. Kh3 Ra8 81. Rb2 Ra6 82. Rb7 Rc6 83. Kh4 Ra6 84. h3 Rc6 85. g4 fxg4 86. hxg4 g5+ 87. fxg5+ Kg6 88. Rb5 Rc3 89. Rb6+ Kg7 90. g6 Ra3 91. Kh5 Ra5+ 92. g5 Ra7 93. Rf6 Ra1 94. Rf7+ Kg8 95. Rf4 Rh1+ 96. Kg4 Kg7 97. Rf7+ Kxg6 98. Rf6+ Kg7 99. Ra6 Rg1+ 100. Kf5 Rf1+ 101. Ke5 Re1+ 102. Kf4 Rf1+ 103. Ke3 Rg1 104. g6 Rxg6 105. Rxg6+ Kxg6 1/2-1/2

[Event "Montevideo Duchamp Cup 6th"]
[Site "Montevideo"]
[Date "2023.02.06"]
[Round "4"]
[White "Manteiga, Franco"]
[Black "Francisco Guecamburu, Candela Be"]
[Result "0-1"]
[WhiteElo "1825"]
[BlackElo "2279"]
[PlyCount "74"]
[EventDate "2023.02.03"]
[EventType "swiss"]
[EventRounds "9"]
[EventCountry "URU"]
[SourceTitle "CBM 212 Extra"]
[Source "ChessBase"]
[SourceDate "2023.03.31"]
[SourceVersion "1"]
[SourceVersionDate "2023.03.31"]
[SourceQuality "1"]

1. d4 Nf6 2. c4 c5 3. d5 e6 4. Nc3 exd5 5. cxd5 d6 6. e4 g6 7. f4 Bg7 8. Bb5+ Nfd7 9. Be2 Qh4+ 10. g3 Qd8 11. Nh3 0-0 12. 0-0 Na6 13. Nf2 Nc7 14. a4 a6 15. g4 h6 16. Be3 Rb8 17. e5 dxe5 18. f5 Ne8 19. Qd2 Qh4 20. Nfe4 Nef6 21. Bf2 Nxe4 22. Nxe4 Qd8 23. Be3 Nf6 24. Nxf6+ Qxf6 25. g5 hxg5 26. Bxg5 Qd6 27. f6 Bh8 28. a5 b5 29. axb6 Qxb6 30. Ra4 Qxb2 31. Qe3 Rb4 32. Rxb4 cxb4 33. Rc1 Bf5 34. d6 e4 35. Qc5 Bxf6 36. Bxf6 Qxf6 37. Qxb4 Qg5+ 0-1

[Event "Montevideo Trebejos Primavera op"]
[Site "Montevideo"]
[Date "2022.11.21"]
[Round "6"]
[White "Lopez Falcon, Jorge"]
[Black "Manteiga, Franco"]
[Result "1-0"]
[WhiteElo "2049"]
[BlackElo "1869"]
[PlyCount "71"]
[EventDate "2022.10.17"]
[EventType "swiss"]
[EventRounds "6"]
[EventCountry "URU"]
[SourceTitle "EXT 2024"]
[Source "ChessBase"]
[SourceDate "2023.10.10"]
[SourceVersion "1"]
[SourceVersionDate "2023.10.10"]
[SourceQuality "1"]

1. d4 Nf6 2. Nf3 e6 3. g3 d5 4. Bg2 Be7 5. 0-0 0-0 6. c4 c6 7. Qc2 Ne4 8. Nbd2 f5 9. Ne5 Nd7 10. Ndf3 Ndf6 11. Bf4 Bd7 12. Rab1 Be8 13. b4 h6 14. Nd3 g5 15. Bc1 Kh7 16. Nfe5 Nd7 17. f3 Nef6 18. Nc5 Nxc5 19. bxc5 Qc7 20. Nd3 Bg6 21. Qb3 Rab8 22. Bd2 Nd7 23. cxd5 exd5 24. Be3 Bf6 25. Bf2 Rfe8 26. e3 Bg7 27. Rfd1 Nf8 28. f4 Ne6 29. Rd2 Re7 30. Rdb2 Rbe8 31. Qxb7 Qa5 32. Qb4 Qd8 33. Qa4 gxf4 34. gxf4 Rc7 35. Rb7 Ree7 36. Qxa7 1-0

[Event "Montevideo 1700+ op"]
[Site "Montevideo"]
[Date "2022.10.02"]
[Round "4"]
[White "Manteiga, Franco"]
[Black "Cayetano, Juan"]
[Result "1-0"]
[WhiteElo "1869"]
[BlackElo "1654"]
[PlyCount "55"]
[EventDate "2022.10.01"]
[EventType "swiss"]
[EventRounds "5"]
[EventCountry "URU"]
[SourceTitle "EXT 2023"]
[Source "ChessBase"]
[SourceDate "2022.10.05"]
[SourceVersion "1"]
[SourceVersionDate "2022.10.05"]
[SourceQuality "1"]

1. e4 e6 2. d4 d5 3. Nc3 Bb4 4. e5 c5 5. a3 cxd4 6. axb4 dxc3 7. Qg4 cxb2 8. Bxb2 g6 9. Nf3 Bd7 10. Bd3 Nc6 11. Qf4 a5 12. bxa5 Rxa5 13. 0-0 h6 14. h4 b6 15. Bc3 Rc5 16. Ra3 Nge7 17. Rfa1 Bc8 18. Nd4 0-0 19. Nxc6 Nxc6 20. Qxh6 d4 21. Bxg6 fxg6 22. Qxg6+ Kh8 23. Qh6+ Kg8 24. Qg6+ Kh8 25. Qh6+ Kg8 26. Bxd4 Nxd4 27. Rg3+ Kf7 28. Rg7+ 1-0

[Event "Montevideo Trebejos 50 Anniv op"]
[Site "Montevideo"]
[Date "2022.09.22"]
[Round "6"]
[White "Manteiga, Franco"]
[Black "Lopez Azambuja, Nicolas"]
[Result "0-1"]
[WhiteElo "1909"]
[BlackElo "2305"]
[PlyCount "104"]
[EventDate "2022.09.17"]
[EventType "swiss"]
[EventRounds "9"]
[EventCountry "URU"]
[SourceTitle "EXT 2023"]
[Source "ChessBase"]
[SourceDate "2022.10.05"]
[SourceVersion "1"]
[SourceVersionDate "2022.10.05"]
[SourceQuality "1"]

1. d4 Nf6 2. c4 Nc6 3. Nc3 e5 4. d5 Ne7 5. e4 Ng6 6. Be3 Bb4 7. Bd3 Bxc3+ 8. bxc3 d6 9. f3 c6 10. Ne2 Nd7 11. 0-0 Qc7 12. g3 0-0 13. Qd2 cxd5 14. cxd5 Nc5 15. g4 Qe7 16. Bg5 f6 17. Be3 Bd7 18. Ng3 Rac8 19. Be2 Nh4 20. Nf5 Nxf5 21. gxf5 g6 22. fxg6 hxg6 23. Kh1 Kf7 24. Rab1 Bh3 25. Rfc1 Rc7 26. Rb5 Rh8 27. Rxc5 Rxc5 28. Bxc5 dxc5 29. d6 Qe6 30. Rd1 g5 31. Qb2 Qc8 32. Bc4+ Kg7 33. Bd5 b6 34. Qd2 Qe8 35. Bc4 Qh5 36. Qf2 Bd7 37. Rg1 Kf8 38. Rg3 Qh4 39. Rg2 Bh3 40. Rg3 Qf4 41. Rg1 Bd7 42. Qe2 Rh3 43. Rf1 b5 44. Bd5 b4 45. c4 g4 46. fxg4 Rxh2+ 47. Qxh2 Qxf1+ 48. Qg1 Qh3+ 49. Qh2 Bxg4 50. Qxh3 Bxh3 51. Bc6 Kf7 52. Kg1 Ke6 0-1

[Event "Pan American-ch U18"]
[Site "Montevideo"]
[Date "2022.06.26"]
[Round "1"]
[White "Manteiga, Franco"]
[Black "Yoker, Callum"]
[Result "1/2-1/2"]
[WhiteElo "1971"]
[BlackElo "1459"]
[PlyCount "108"]
[EventDate "2022.06.26"]
[EventType "swiss"]
[EventRounds "9"]
[EventCountry "URU"]
[SourceTitle "EXT 2023"]
[Source "ChessBase"]
[SourceDate "2022.10.05"]
[SourceVersion "1"]
[SourceVersionDate "2022.10.05"]
[SourceQuality "1"]

1. d4 Nf6 2. c4 c5 3. d5 b5 4. cxb5 a6 5. bxa6 g6 6. Nc3 Bg7 7. e4 0-0 8. Nf3 Qa5 9. Bd2 Bxa6 10. Be2 d6 11. 0-0 Bxe2 12. Qxe2 Qa6 13. Qd1 Nbd7 14. h3 Rfb8 15. Qc2 e6 16. dxe6 fxe6 17. Bf4 Rb7 18. Rad1 d5 19. exd5 Nxd5 20. Nxd5 exd5 21. Rxd5 Rxb2 22. Qd1 Nf8 23. Rxc5 Rxa2 24. Qd5+ Qe6 25. Be3 Qxd5 26. Rxd5 Ne6 27. Rfd1 Ra1 28. Kf1 Bf6 29. Rxa1 Rxa1+ 30. Ke2 Ra8 31. Rd6 Re8 32. Kd3 Kf7 33. Rd7+ Re7 34. Rxe7+ Kxe7 35. Ke4 Ng7 36. Bc5+ Ke6 37. Nd4+ Bxd4 38. Bxd4 Nf5 39. Be3 Ne7 40. g4 Nc6 41. f4 Ne7 42. Bd4 Nc6 43. f5+ Kf7 44. Kd5 Ne7+ 45. Ke5 Nc6+ 46. Kd5 Ne7+ 47. Ke4 Ng8 48. Kf4 Ne7 49. f6 Nc6 50. Bc3 Nd8 51. g5 Ne6+ 52. Kg4 Nc5 53. h4 Nb7 54. Bb4 Nd8 1/2-1/2

[Event "URU-ch sf"]
[Site "Montevideo"]
[Date "2022.02.26"]
[Round "2"]
[White "Nakle, Gonzalo"]
[Black "Manteiga, Franco"]
[Result "0-1"]
[WhiteElo "1593"]
[BlackElo "1915"]
[PlyCount "76"]
[EventDate "2022.02.26"]
[EventType "swiss"]
[EventRounds "7"]
[EventCountry "URU"]
[SourceTitle "CBM 207 Extra"]
[Source "ChessBase"]
[SourceDate "2022.05.31"]
[SourceVersion "1"]
[SourceVersionDate "2022.05.31"]
[SourceQuality "1"]

1. e4 c5 2. Nf3 Nc6 3. Nc3 e5 4. a3 d6 5. Bc4 Be7 6. d3 Nf6 7. h3 0-0 8. Bd2 a6 9. Qe2 b5 10. Bd5 Bb7 11. Ba2 Nd4 12. Nxd4 cxd4 13. Nd5 Nxd5 14. Bxd5 Bxd5 15. exd5 Rc8 16. c4 bxc4 17. dxc4 f5 18. 0-0 Bf6 19. f3 Re8 20. Rac1 e4 21. b4 Qd7 22. g4 e3 23. Be1 g6 24. Bg3 fxg4 25. fxg4 Qe7 26. Rf4 Bg7 27. Rcf1 Rf8 28. Qd3 Rxf4 29. Rxf4 Re8 30. Kf1 e2+ 31. Ke1 Be5 32. Rf3 Qg5 33. Bf2 Qc1+ 34. Kxe2 Bf4+ 35. Be3 Rxe3+ 36. Rxe3 Bxe3 37. a4 Qb2+ 38. Kf3 Qf2+ 0-1

[Event "Montevideo Duchamp Cup 5th"]
[Site "Montevideo"]
[Date "2022.02.16"]
[Round "6"]
[White "Manteiga, Franco"]
[Black "Carvalho, Guillermo"]
[Result "0-1"]
[WhiteElo "1915"]
[BlackElo "2171"]
[PlyCount "58"]
[EventDate "2022.02.12"]
[EventType "swiss"]
[EventRounds "9"]
[EventCountry "URU"]
[SourceTitle "CBM 206 Extra"]
[Source "ChessBase"]
[SourceDate "2022.03.31"]
[SourceVersion "1"]
[SourceVersionDate "2022.03.31"]
[SourceQuality "1"]

1. d4 d5 2. c4 e6 3. Nc3 c5 4. cxd5 exd5 5. Nf3 Nc6 6. dxc5 d4 7. Na4 Bxc5 8. Nxc5 Qa5+ 9. Bd2 Qxc5 10. b4 Qb6 11. Rc1 Nf6 12. Qa4 0-0 13. b5 Ne7 14. Ba5 Qd6 15. Qxd4 Qa3 16. Qd2 Ned5 17. Rc4 b6 18. Bc3 Nxc3 19. Rxc3 Qa4 20. Qc2 Qa5 21. Nd2 Bf5 22. Qb2 Rac8 23. Rxc8 Rxc8 24. f3 Rd8 25. e3 Be6 26. h4 h5 27. g3 Nd5 28. Kf2 Nc3 29. Ke1 Nb1 0-1

[Event "Montevideo Duchamp Cup 5th"]
[Site "Montevideo"]
[Date "2022.02.13"]
[Round "2"]
[White "Menna Barreto, Felipe Kubiaki"]
[Black "Manteiga, Franco"]
[Result "1/2-1/2"]
[WhiteElo "2351"]
[BlackElo "1915"]
[PlyCount "62"]
[EventDate "2022.02.12"]
[EventType "swiss"]
[EventRounds "9"]
[EventCountry "URU"]
[SourceTitle "CBM 206 Extra"]
[Source "ChessBase"]
[SourceDate "2022.03.31"]
[SourceVersion "1"]
[SourceVersionDate "2022.03.31"]
[SourceQuality "1"]

1. d4 Nf6 2. Nf3 e6 3. Bg5 h6 4. Bxf6 Qxf6 5. e4 d6 6. Nbd2 g6 7. c3 Bg7 8. Bb5+ Nd7 9. e5 dxe5 10. Bxd7+ Bxd7 11. Nxe5 Qe7 12. Nxd7 Qxd7 13. 0-0 0-0 14. Nf3 Rfd8 15. Qb3 Qd5 16. Rfd1 Rd7 17. Qxd5 Rxd5 18. Kf1 Kf8 19. Ke2 Ke7 20. Rd3 Rad8 21. Rad1 Bf6 22. h3 R5d7 23. g4 Rh8 24. Nd2 h5 25. Ne4 hxg4 26. hxg4 Bg7 27. b3 Rdd8 28. Nd2 Rh4 29. Rg1 Rdh8 30. Nf3 Rh1 31. Rdd1 Rxg1 1/2-1/2

[Event "URU-ch U20"]
[Site "Nueva Helvecia"]
[Date "2020.11.22"]
[Round "6"]
[White "Manteiga, Franco"]
[Black "Elena, Eduardo"]
[Result "0-1"]
[WhiteElo "1792"]
[BlackElo "1812"]
[PlyCount "114"]
[EventDate "2020.11.20"]
[EventType "swiss"]
[EventRounds "6"]
[EventCountry "URU"]
[SourceTitle "CBM 199 Extra"]
[Source "ChessBase"]
[SourceDate "2021.01.31"]
[SourceVersion "1"]
[SourceVersionDate "2021.01.31"]
[SourceQuality "1"]

1. d4 Nf6 2. c4 g6 3. Nc3 Bg7 4. e4 d6 5. Nf3 0-0 6. Be2 e5 7. 0-0 Nc6 8. d5 Ne7 9. b4 a5 10. bxa5 Rxa5 11. a4 Nd7 12. Ba3 b6 13. Bb4 Ra8 14. a5 bxa5 15. Bxa5 Nc5 16. Qc2 Bd7 17. Nd2 f5 18. Nb3 Nxe4 19. Nxe4 fxe4 20. c5 Qc8 21. Qxe4 Rb8 22. Bc4 Rf4 23. Qe2 Rxc4 24. Qxc4 Bb5 25. Qc2 Bxf1 26. Rxf1 Qb7 27. Rb1 Nxd5 28. Nd2 Qc8 29. Rxb8 Qxb8 30. Qc4 c6 31. cxd6 Qxd6 32. Nf1 h6 33. Bd2 Kh7 34. h3 Ne7 35. Bb4 Qd5 36. Qxd5 Nxd5 37. Bd6 Kg8 38. Nd2 Kf7 39. Kf1 Ke6 40. Bc5 Nf6 41. Ke2 Kd5 42. Be3 Ne4 43. Nxe4 Kxe4 44. Kd2 Kd5 45. Kc2 h5 46. Bg5 e4 47. Bh4 Be5 48. Bg5 Bd4 49. Bh4 Ke5 50. Kd2 Kf5 51. Ke2 g5 52. Bg3 Be5 53. Bxe5 Kxe5 54. Ke3 c5 55. Kd2 Kd4 56. g3 c4 57. h4 g4 0-1